Представление документа в формате MARC21

Поле Инд. ПП Название Значение
Тип записи a
Библиографический уровень m
001 Контрольный номер 46287c6a-e5f1-4706-a4ac-d19691cc4b4b
005 Дата корректировки 20140703140654.4
008 Кодируемые данные 051108
020 a ISBN 5-238-00955-0
c Цена, тираж 264.00
040 a Служба первич. каталог. НБ ТвГУ
041 a Код языка текста rus
080 a Индекс УДК 336.71(470)(075.8)
084 a Индекс другой классификации/Индекс ББК У9(2Рос)262.10я73-1
090 x Авторский знак Б23
a Полочн. индекс У9(2Рос)
245 10 a Заглавие Банковское дело
b Продолж. заглавия упр. и технологии : учеб. пособие для студентов вузов, обучающихся по экон. специальностям : учеб. для студентов вузов, обучающихся по специальности 060400 "Финансы и кредит"
c Ответственность под ред. А. М. Тавасиева
250 a Основные сведения об издании 2-е изд., перераб. и доп.
260 0_ a Место издания Москва
b Издательство ЮНИТИ
c Дата издания 2005
300 a Объем 671 с.
b Иллюстрации/ тип воспроизводства табл.
500 a Примечание Авт. указаны на 6-й с.
504 a Библиография Библиогр.: с.662-667.
583 a Действие Получение впервые 319 01.11.2005
k Исполнитель действия ООО "Издательство ЮНИТИ-ДАНА"
650 a Основная рубрика Банковское дело
x Основная подрубрика Учебники для вузов
650 a Основная рубрика Банки
x Основная подрубрика Управление
z Географическая подрубрика Российская Федерация
650 a Основная рубрика Финансы
x Основная подрубрика Экономика
653 a Ключевые слова Банковское дело
a Ключевые слова Банки России
a Ключевые слова Управление банком
a Ключевые слова Банковский менеджмент
a Ключевые слова Банковская система России
a Ключевые слова Коммерческие банки
a Ключевые слова Банковские операции
a Ключевые слова Межбанковские отношения
a Ключевые слова Кредит
a Ключевые слова Рынок ценных бумаг
700 1_ a Другие авторы Тавасиев Ахсар Мухаевич
e Роль лиц авт., ред.
700 1_ a Другие авторы Масленченков Ю. С.
e Роль лиц авт.
700 1_ a Другие авторы Эриашвили Нодари Дарчоевич
e Роль лиц авт.
700 1_ a Другие авторы Мехряков В. Д.
e Роль лиц авт.
700 1_ a Другие авторы Москвин В. А.
e Роль лиц авт.
852 t Порядковый номер экземпляра 3
p Инвентарный номер 822544
p Инвентарный номер 822545
p Инвентарный номер 822546
863 t 00108536
863 t 00108537
863 t 00108538
888 a За счет средств университета
930 a Новая/Ретро учебники
952 p 319.2005 264.00 1 822544
p 319.2005 264.00 1 822545
p 319.2005 264.00 1 822546
c Вид литературы К ру
954 a Дата поступления на обработку 20051118
999 a Подразделение 2 Фил1